LEADER 01639nam2-2200469---450- 001 990001085640203316 005 20071116090617.0 010 $a88-394-0638-7 035 $a000108564 035 $aUSA01000108564 035 $a(ALEPH)000108564USA01 035 $a000108564 100 $a20020618h2002----km|y0itay50------ba 101 1 $aita$ceng 102 $aIT 105 $ay|||z|||001yy 200 1 $a<<9>> : Come pensa la Bibbia$estudi esegetici ed ermeneutici$fAndré LaCocque & Paul Ricoeur$gedizione italiana [e traduzione] a cura di Franco Bassani 210 $aBrescia$cPaideia$dcopyr. 2002 215 $a421 p.$d23 cm 454 1$12001$aThinking biblically$950928 461 1$10010003385$12001$aIntroduzione allo studio della Bibbia. Supplementi 606 0 $aBibbia. Vecchio Testamento$xInterpretazione 676 $a221.6 700 1$aLACOCQUE,$bAndré$0553913 701 1$aRICOEUR,$bPaul$0437317 702 1$aBASSANI,$bFranco 801 0$aIT$bsalbc$gISBD 912 $a990001085640203316 951 $aII.2. 2409/9(XIV 996/9)$b162798 L.M.$cII.2.$d00082464 959 $aBK 969 $aUMA 979 $aMARIA$b10$c20020618$lUSA01$h0925 979 $aJOHNNY$b90$c20021003$lUSA01$h1410 979 $aJOHNNY$b90$c20021003$lUSA01$h1410 979 $aPATRY$b90$c20040406$lUSA01$h1715 979 $aCOPAT1$b90$c20050517$lUSA01$h1624 979 $aANNAMARIA$b90$c20071114$lUSA01$h0857 979 $aANNAMARIA$b90$c20071114$lUSA01$h0859 979 $aANNAMARIA$b90$c20071114$lUSA01$h0944 979 $aANNAMARIA$b90$c20071116$lUSA01$h0906 996 $aThinking biblically$950928 997 $aUNISA